Nuevas herramientas para acceder al crédito. Ley 27264 (Registro nro. 30491)
[ vista simple ]
| 000 -LEADER | |
|---|---|
| fixed length control field | 00396 a2200121 4500 |
| 001 - CONTROL NUMBER | |
| control field | ART_40687 |
| 005 - DATE AND TIME OF LATEST TRANSACTION | |
| control field | 20260410161952.0 |
| 008 - FIXED-LENGTH DATA ELEMENTS--GENERAL INFORMATION | |
| fixed length control field | 260409a |
| 100 1# - MAIN ENTRY--PERSONAL NAME | |
| Personal name | Barreira Delfino, Eduardo A. |
| 245 10 - TITLE STATEMENT | |
| Title | Nuevas herramientas para acceder al crédito. Ley 27264 |
| 700 1# - ADDED ENTRY--PERSONAL NAME | |
| Personal name | Camerini, Marcelo A. |
| 773 0# - HOST ITEM ENTRY | |
| Title | Temas de derecho comercial |
| Related parts | - Año 2, Nº 11 (nov. 2016) |
| Record control number | REV28151 |
No hay ítems disponibles.